000 00465nam a2200145 i 4500
001 48958
003 ES-MaACL
007 t|
008 030703s1908 sp ||||1| spa d
100 1 _aCornejo, Mariano H.
_940610
245 1 0 _aMemorandum adicional presentado a la Comisión de Arbitraje de límites del Perú y el Ecuador /
_cpor Mariano H. Cornejo.
260 _aMadrid :
_b[s.n.],
_c1908 (
_fA. Marzo)
300 _a48 p. ;
_c27 cm.
852 _aES-MaACL
_jG-6832
999 _c48958
_d48958